000 00787nam a22002297a 4500
999 _c15399
_d15399
003 AR-CdUCM
008 190227b ||||| |||| 00| 0 spa d
040 _aMUNICIPALIDAD PROVINCIAL DEL CUSCO
_cBIBLIOTECA MUNICIPAL DEL CUSCO
082 _a981.4 /
_bH62
_22ed
100 _aHobbes, Thomas
_95972
245 _aLeviatán /
_bo la materia, forma y poder de una república, eclesiástica y civil :
260 _aPuerto rico :
_bDiario día,
_c1964.
300 _a304 paginas ;
_c22 cm.
505 _aContenido: Del hombre -- Del estado.
650 _aCiencia y religion
_95973
650 _aFilosofía
_9395
650 _aCiencia política
_91775
650 _aIglesia y Estado.
_93500
650 _aLa razón y la ciencia
_95974
942 _2ddc
_cLIBROS
945 _adavv
_d27/04/2019